Viaje por la frontera del Duero / (Record no. 63491)
[ view plain ]
| 000 -LEADER | |
|---|---|
| campo de control de longitud fija | 00667nam a2200205 i 4500 |
| 001 - NÚMERO DE CONTROL | |
| campo de control | 63491 |
| 003 - IDENTIFICADOR DE NÚMERO DE CONTROL | |
| campo de control | ES-MaACL |
| 005 - FECHA Y HORA DE LA ÚLTIMA TRANSACCIÓN | |
| campo de control | 20250918063027.0 |
| 007 - CAMPO FIJO DE DESCRIPCIÓN FÍSICA--INFORMACIÓN GENERAL | |
| campo de control de longitud fija | t| |
| 008 - DATOS DE LONGITUD FIJA--INFORMACIÓN GENERAL | |
| campo de control de longitud fija | 031211s1980 sp ||||1| spa d |
| 100 1# - ENTRADA PRINCIPAL--NOMBRE DE PERSONA | |
| Nombre de persona | Ferrer-Vidal, Jorge, |
| Fechas asociadas al nombre | 1926- |
| 9 (RLIN) | 50501 |
| 245 10 - MENCIÓN DEL TÍTULO | |
| Título | Viaje por la frontera del Duero / |
| Mención de responsabilidad, etc. | Jorge Ferrer-Vidal ; prólogo de Ramón Carnicer. |
| 260 ## - PUBLICACIÓN, DISTRIBUCIÓN, ETC. | |
| Lugar de publicación, distribución, etc. | Madrid : |
| Nombre del editor, distribuidor, etc. | Espasa-Calpe, |
| Fecha de publicación, distribución, etc. | 1980. |
| 300 ## - DESCRIPCIÓN FÍSICA | |
| Extensión | 228 p. : |
| Otras características físicas | il. ; |
| Dimensiones | 18 cm. |
| 490 1# - MENCIÓN DE SERIE | |
| Mención de serie | Selecciones austral ; |
| Designación de volumen o secuencia | 72 |
| 700 1# - ENTRADA AGREGADA--NOMBRE PERSONAL | |
| Nombre de persona | Carnicer, Ramón, |
| Fechas asociadas al nombre | 1912-2007 |
| 9 (RLIN) | 35377 |
| 830 0# - PUNTO DE ACCESO ADICIONAL DE SERIE-TÍTULO UNIFORME | |
| Título uniforme | Selecciones austral ; |
| Designación de volumen o secuencia | 72 |
| 9 (RLIN) | 176520 |
| 852 ## - LOCALIZACIÓN | |
| Ubicación | ES-MaACL |
| Número de control de estantería | F-12773 |
| Sublocalización o colección | R.100976 |
| Estatus retirado | Estado de pérdida | Estado de daño | No para préstamo | Biblioteca de origen | Biblioteca actual | Ubicación en estantería | Fecha de adquisición | Fuente de adquisición | Total de préstamos | Signatura topográfica completa | Código de barras | Visto por última vez | Precio de reemplazo | Tipo de ítem Koha |
|---|---|---|---|---|---|---|---|---|---|---|---|---|---|---|
| Biblioteca del Ateneo de Madrid | Biblioteca del Ateneo de Madrid | Sala Pecera Planta 2 | 17/01/2008 | F-12773 | 1066548 | 23/02/2023 | 23/02/2023 | Libro impreso |
